1611 1031 1832 1646 1937 1023 1777 1579 1656 1550 1553 1541 1364 1354 1678 1055 1710 1668 1161 1516 1403 1360 1852 1701 1663 1435 1082 1886 1608 1169 1030 1575 1311 1282 1556 1572 1338 1137 1872 1698 1089 1751 1107 1619 1876 1000 1012 1647 1819 1798 1729 1332 1301 1257 1308 1708 1087 1570 1094 1911 1977 1877 1487 1313 1453 1679 1481 1248 1480 1955 1460 1185 1121 1743 1944 1185 1564 1910 1585 1356 1334 1218 1045 1597 1972 1313 1214 1979 1254 1551 1374 1117 1797 1989 1249 1418 1379 1398 1102 BCNSPRNW ULIB Ver.6.0+V

เปลี่ยนเป็นภาษาไทย

Change to English
 แสดงรายละเอียดบรรณานุกรม
  กลับหน้าหลัก

Brief Record : Get Marc (ISO 2709) : E-mail record : QR code < ปิดหน้าต่าง
LEADER : 00000nam 2200000uu 4500
001    13399122502
003     ULIB
008    020711s2552 th a 000 0 tha d
020    9786167059235
090    นว.^bช32พ
100    ชญา
110    ไอวี่ บุ๊คเฮ้าส์
245    พ่ายรักอสูร./^cชญา
250    พิมพ์ครั้งที่ 1
260    กรุงเทพฯ :^bไอวี่ บุ๊คเฮ้าส์,^c2552
300    352 หน้า
945    ^p234^l0^i19961
999    ^aทศพร เกษรทอง
รายการนี้ยังไม่มีแท็ก
คุณยังไม่ได้ล็อกอิน คุณสามารถมีกิจกรรมร่วมกับเว็บไซต์ได้ แต่ต้องล็อกอินก่อน ::
  ล็อกอิน

รายการสื่อสารสนเทศ

ลำดับที่ ประเภท เลขเรียก/บาร์โค้ด สถานที่ สถานะ
1. นวนิยาย
นวนิยาย
นว. ช32พ  
  Barcode: 19961
ห้องสมุดวิทยาเขตสวรรค์ประชารักษ์
►นวนิยาย
บนชั้น
  ขอยืม

รายการใกล้เคียง
    ผู้แต่ง [ชญา]

BibComment


ยังไม่เคยถูกคอมเมนท์

คอมเมนท์ทรัพยากรรายการนี้
  คอมเมนท์: พ่ายรักอสูร ชญา


 Copyright 2026. Bcnsprnw @Library